000 00607nam a2200193Ia 4500
003 GCL
008 140319s9999 xx 000 0 ara d
040 _aGCL /
_cGCL
082 0 4 _a658.8
_bج ت
100 1 _aجاباى، جى جوناثان
245 1 0 _aالتسويق الابتكارى /
_cجاباى، جى جوناثان
250 _aالاولى
260 _aالقاهرة :
_bدار الوفاء للطباعة والنشر والتوزيع ،
_c2001
300 _a412 ص ؛
_c15 سم
650 0 4 _aالتجارة
650 0 4 _aالتسويق
650 0 4 _aالاعلان
942 _2ddc
_cBK
999 _c4967
_d4967